| 000 | 00771nam a22002537a 4500 | ||
|---|---|---|---|
| 005 | 20170123162316.0 | ||
| 010 | _aA-318401 | ||
| 020 | _c30.00 | ||
| 035 | _aA-318401 | ||
| 037 | _bCen Lib/Ret | ||
| 040 |
_aDPL _bUR |
||
| 082 |
_a441.08 _bم م ت |
||
| 100 |
_aممتاز حسن _9114502 |
||
| 245 |
_aغالب ایک متالیہ / _cممتاز حسن |
||
| 246 |
_aGhalib ek mutaleaa / _bby Mumtaz Hasan |
||
| 260 |
_aلکھنوو _bنصرت پبلشرس _c1986 |
||
| 270 | _bلکھنوو | ||
| 300 |
_a166p. _c21cm(Hb) |
||
| 650 |
_a اردو ادب _v _9114503 |
||
| 650 |
_aاردو سوانح عمری _9114504 |
||
| 650 |
_aUrdu literature _9114505 |
||
| 650 |
_aUrdu biography _9511 |
||
| 942 |
_2ddc _cUR _h441.08 _mم م ت |
||
| 999 |
_c106720 _d106720 |
||